000 00859nam a2200217Ia 4500
999 _c40168
_d40168
001 6774
003 GE_BSU
005 20191230154557.0
008 181216s19 ||||g |||||||||||||| ||g ||
040 _cGE_BSU
041 _ageo
080 _a821.353.1-1 გ-48
100 _aგიგინეიშვილი, დავარ.
_96000
245 _aქარვის ჭალაში :
_bლექსები /
_cდავარ გიგინეიშვილი ; რედ. ზ. ფირცხალაიშვილი.
264 _aბათუმი :
_bსაბჭ.აჭარა,
_c1985.
300 _a38 გვ. ;
_c17 სმ.
653 _aლექსები
653 _aქარვის ჭალაში
700 _aფირცხალაიშვილი. ზ.
_eრედაქტორი
_93678
942 _cBK
_2udc